000 00413cam a2200181ua 4500
001 6326
008 181008n1980 II |||gr||||Z||||||eng
040 _aMAIN
041 _aEnglish
041 _aeng
082 _a320.3 JOH
100 _aJOHARI , J.C .
245 _aCOMPARATIVE POLITICS
260 _aNEW DELHI
_bSTERLING PUBLISHERS
_c1980
300 _a632.
653 _aCOMPARATIVE GOVERNMENT
942 _cBK
999 _c6311
_d6311